Strategy for victory /

Bibliographic Details
Main Author: Baldwin, Hanson Weightman, 1903-1991
Format: Book
Language:English
Published: New York : W.W. Norton, [1942]
Edition:1st ed.
Subjects:

MARC

Tag First Indicator Second Indicator Subfields
LEADER 00000cam a2200000 4500
001 in00000990206
005 20150927180148.0
008 751009s1942 nyub 00010 eng d
010 |a  42036246  
035 |a (OCoLC)01688959 
035 |9 AEY9348AM 
040 |a TLM  |c TLM  |d m.c.  |d OCL  |d UtOrBLW 
049 |a  TXAS [mil] 
082 0 |a 940.5401 
090 |a D744  |b .B34 
100 1 |a Baldwin, Hanson Weightman,  |d 1903-1991. 
245 1 0 |a Strategy for victory /  |c by Hanson W. Baldwin. 
250 |a 1st ed. 
264 1 |a New York :  |b W.W. Norton,  |c [1942] 
264 4 |c ©1942 
300 |a 172 pages, 1 leaf including maps (1 double) ;  |c 21 cm. 
336 |a text  |b txt  |2 rdacontent 
337 |a unmediated  |b n  |2 rdamedia 
338 |a volume  |b nc  |2 rdacarrier 
650 0 |a World War, 1939-1945. 
650 0 |a Strategy. 
999 |a MARS 
999 f f |s 62c58b65-2807-3c52-9fae-fba01ec87f40  |i 4c5711cf-0d78-3f21-bc18-3e06dec213d7  |t 0 
952 f f |p noncirc  |a Texas A&M University  |b College Station  |c Cushing Memorial Library & Archives  |d Cushing: Ragan Military (Does not check out)  |t 0  |e D744 .B34  |h Library of Congress classification  |i unmediated -- volume  |m A14852150375 
998 f f |a D744 .B34  |t 0  |l Cushing: Ragan Military (Does not check out)